[Event "HUN-chT2 Szechenyi 1112"]
[Site "Hungary"]
[Date "2012.05.20"]
[Round "11.6"]
[White "Makk, Norbert"]
[Black "Hajos, Roland"]
[Result "1/2-1/2"]
[WhiteElo "1969"]
[BlackElo "1889"]
[PlyCount "100"]
[EventDate "2011.09.25"]
[EventType "team-tourn"]
[EventRounds "11"]
[EventCountry "HUN"]
[SourceTitle "EXT 2013"]
[Source "ChessBase"]
[SourceDate "2012.11.22"]
[SourceVersion "1"]
[SourceVersionDate "2012.11.22"]
[SourceQuality "1"]
[WhiteTeam "Alsoszolnok"]
[BlackTeam "Haladas"]
[WhiteTeamCountry "HUN"]
[BlackTeamCountry "HUN"]

1. e4 c5 2. Nf3 e6 3. d4 cxd4 4. Nxd4 a6 5. c4 Ne7 6. Nc3 Nbc6 7. Be3 g6 8. Be2 Bg7 9. 0-0 0-0 10. Rc1 d6 11. Qd2 Nxd4 12. Bxd4 e5 13. Be3 Nc6 14. Rfd1 Nd4 15. Bf1 Bg4 16. Ne2 Bf3 17. Bxd4 Bxe2 18. Bxe2 exd4 19. Qb4 Qe7 20. Bf3 Be5 21. g3 Rab8 22. Bg2 Qe6 23. b3 b6 24. Qd2 Kh8 25. Rf1 f5 26. f4 Bg7 27. Rce1 fxe4 28. Rxe4 Qd7 29. Rfe1 Rfe8 30. Qe2 Rxe4 31. Qxe4 a5 32. Bf3 b5 33. cxb5 Qxb5 34. Qd5 Qb4 35. Re7 Rg8 36. Qf7 Qb8 37. Bd5 d3 38. Qe6 d2 39. Qe2 Qb6+ 40. Kg2 Qd4 41. Bf3 h6 42. Re4 Qb2 43. Ra4 d1Q 44. Qxb2 Qxf3+ 45. Kxf3 Bxb2 46. Rxa5 Rd8 47. Ke4 Bc3 48. Rb5 Kg7 49. Kd5 Kf6 50. a4 g5 1/2-1/2

[Event "HUN-ch U14"]
[Site "Celldoemoelk"]
[Date "2011.06.30"]
[Round "6"]
[White "Hajos, Roland"]
[Black "Laza, Szabolcs"]
[Result "1-0"]
[WhiteElo "1861"]
[BlackElo "1814"]
[PlyCount "111"]
[EventDate "2011.06.27"]
[EventType "swiss"]
[EventRounds "9"]
[EventCountry "HUN"]
[SourceTitle "EXT 2012"]
[Source "ChessBase"]
[SourceDate "2011.11.24"]
[SourceVersion "1"]
[SourceVersionDate "2011.11.24"]
[SourceQuality "1"]

1. e4 c5 2. Nf3 d6 3. d4 cxd4 4. Nxd4 Nf6 5. Nc3 Nc6 6. f3 e6 7. Be3 Be7 8. Qd2 d5 9. Bb5 Qc7 10. e5 Nd7 11. f4 a6 12. Bd3 Nxd4 13. Bxd4 Bc5 14. Bxc5 Nxc5 15. 0-0-0 Nxd3+ 16. Qxd3 Bd7 17. Rhe1 0-0-0 18. Qg3 Rhg8 19. Ne2 Kb8 20. Nd4 Rc8 21. Re3 Qc4 22. Kb1 Qc5 23. Rb3 Ba4 24. Rc3 Qe7 25. Rxc8+ Kxc8 26. Rd3 Kb8 27. Qe1 Qc5 28. g4 Rc8 29. Qd2 Bb5 30. Rc3 Qe7 31. Rxc8+ Kxc8 32. Qc3+ Kb8 33. Nxb5 axb5 34. g5 h6 35. h4 hxg5 36. fxg5 g6 37. a3 b6 38. Qc6 Qc7 39. Qxb5 Kb7 40. Qe2 Qc4 41. Qf2 Qc7 42. Qf4 Kb8 43. b3 Kb7 44. Qf3 Kb8 45. Qf6 Kb7 46. Qh8 Ka7 47. h5 gxh5 48. Qxh5 Ka8 49. Qh8+ Kb7 50. Qe8 Qxe5 51. Qxf7+ Ka6 52. Qf1+ Kb7 53. g6 d4 54. Qg2+ Ka6 55. g7 Qe1+ 56. Ka2 1-0

[Event "HUN-ch U14"]
[Site "Celldoemoelk"]
[Date "2011.06.29"]
[Round "4"]
[White "Hajos, Roland"]
[Black "Zsirai, Peter"]
[Result "1-0"]
[WhiteElo "1861"]
[BlackElo "2036"]
[PlyCount "57"]
[EventDate "2011.06.27"]
[EventType "swiss"]
[EventRounds "9"]
[EventCountry "HUN"]
[SourceTitle "EXT 2012"]
[Source "ChessBase"]
[SourceDate "2011.11.24"]
[SourceVersion "1"]
[SourceVersionDate "2011.11.24"]
[SourceQuality "1"]

1. e4 c5 2. Nf3 d6 3. d4 cxd4 4. Nxd4 Nf6 5. Nc3 a6 6. Bg5 e6 7. Qd2 Be7 8. 0-0-0 Qc7 9. f3 Nbd7 10. g4 b5 11. a3 Nb6 12. Bxf6 Bxf6 13. g5 Be7 14. f4 e5 15. Nf5 Bxf5 16. exf5 Rd8 17. Bg2 exf4 18. Rhe1 0-0 19. Qxf4 f6 20. g6 Rc8 21. Re2 Rfd8 22. Nd5 Nxd5 23. Bxd5+ Kh8 24. Qe4 Qb8 25. Rd3 h6 26. Rh3 Rc7 27. Qe3 Bf8 28. Qe6 Be7 29. Qf7 1-0

[Event "HUN-ch U14"]
[Site "Celldoemoelk"]
[Date "2011.06.28"]
[Round "3"]
[White "Antal, Tibor Kende"]
[Black "Hajos, Roland"]
[Result "1/2-1/2"]
[WhiteElo "2251"]
[BlackElo "1861"]
[PlyCount "100"]
[EventDate "2011.06.27"]
[EventType "swiss"]
[EventRounds "9"]
[EventCountry "HUN"]
[SourceTitle "EXT 2012"]
[Source "ChessBase"]
[SourceDate "2011.11.24"]
[SourceVersion "1"]
[SourceVersionDate "2011.11.24"]
[SourceQuality "1"]

1. e4 c5 2. Nf3 Nc6 3. d4 cxd4 4. Nxd4 Nf6 5. Nc3 g6 6. Be3 Bg7 7. Bc4 0-0 8. Bb3 d6 9. f3 Na5 10. Qd2 Nxb3 11. cxb3 Bd7 12. 0-0-0 a6 13. h4 h5 14. g4 b5 15. g5 Ne8 16. Kb1 Nc7 17. Rc1 e6 18. Nc2 Bc6 19. Rhd1 d5 20. Nb4 Bb7 21. Bb6 Qd6 22. Bc5 Qxc5 23. Ncxd5 Qxc1+ 24. Rxc1 Nxd5 25. exd5 Bxd5 26. Nxd5 exd5 27. Qxd5 Rad8 28. Qb7 Rd2 29. Rc2 Rd1+ 30. Rc1 Rd2 31. Rc8 Rxb2+ 32. Kc1 Rxa2 33. Rxf8+ Bxf8 34. Qc8 a5 35. Qb8 b4 36. Qe8 Rf2 37. Qe3 Rf1+ 38. Kc2 Rh1 39. Qe4 Rh2+ 40. Kd3 Rh1 41. Kc4 Rc1+ 42. Kb5 Rc5+ 43. Kb6 Rf5 44. Kc6 Bg7 45. Kd7 Kh7 46. f4 Bc3 47. Ke8 Bg7 48. Qc4 Bc3 49. Qc7 Bg7 50. Qd6 Bc3 1/2-1/2

[Event "Szombathely op-B"]
[Site "Szombathely"]
[Date "2010.07.30"]
[Round "5"]
[White "Hajos, Roland"]
[Black "Gombos, Bettina"]
[Result "1-0"]
[WhiteElo "1750"]
[BlackElo "1884"]
[PlyCount "67"]
[EventDate "2010.07.28"]
[EventType "swiss"]
[EventRounds "9"]
[EventCountry "HUN"]
[SourceTitle "EXT 2012"]
[Source "ChessBase"]
[SourceDate "2011.11.24"]
[SourceVersion "1"]
[SourceVersionDate "2011.11.24"]
[SourceQuality "1"]

1. e4 c5 2. Nf3 e6 3. d4 cxd4 4. Nxd4 Nf6 5. Nc3 d6 6. Be3 Be7 7. f3 0-0 8. Qd2 a6 9. 0-0-0 Nc6 10. g4 Nxd4 11. Bxd4 b5 12. a3 Qc7 13. g5 Nd7 14. f4 Bb7 15. Rg1 Nc5 16. Bd3 e5 17. Bxc5 dxc5 18. f5 c4 19. Bf1 Rfd8 20. Qe2 Rxd1+ 21. Qxd1 Rd8 22. Qh5 g6 23. fxg6 fxg6 24. Qe2 Qa5 25. Rg3 Rd4 26. Nd5 Bxd5 27. exd5 Rxd5 28. Bg2 Rc5 29. Kb1 b4 30. axb4 Qxb4 31. c3 Qb3 32. Bh3 Kg7 33. Be6 Bd6 34. Qf3 1-0

[Event "Szombathely op-B"]
[Site "Szombathely"]
[Date "2010.07.29"]
[Round "3"]
[White "Hajos, Roland"]
[Black "Toth, Attila"]
[Result "1-0"]
[WhiteElo "1750"]
[BlackElo "1899"]
[PlyCount "89"]
[EventDate "2010.07.28"]
[EventType "swiss"]
[EventRounds "9"]
[EventCountry "HUN"]
[SourceTitle "EXT 2012"]
[Source "ChessBase"]
[SourceDate "2011.11.24"]
[SourceVersion "1"]
[SourceVersionDate "2011.11.24"]
[SourceQuality "1"]

1. e4 e5 2. Nf3 Nc6 3. Bb5 a6 4. Ba4 Be7 5. 0-0 b5 6. Bb3 Bb7 7. Re1 Nf6 8. c3 d6 9. d4 Nd7 10. Nbd2 0-0 11. Nf1 Bf6 12. d5 Ne7 13. a4 g6 14. Be3 Bg7 15. Qd3 bxa4 16. Bxa4 h6 17. c4 f5 18. Bxd7 Qxd7 19. h3 f4 20. Bc1 g5 21. N3h2 Ng6 22. f3 h5 23. Kf2 Nh4 24. Re2 c6 25. dxc6 Bxc6 26. Rd2 Rf6 27. b3 Qa7+ 28. Ke1 Bf8 29. Rda2 Qb6 30. Bd2 Nxg2+ 31. Kd1 Nh4 32. Be1 Ng6 33. Rg2 Bh6 34. h4 gxh4 35. Bxh4 Re6 36. Bf2 Qb7 37. Nd2 Kf7 38. Kc2 Ne7 39. Rag1 a5 40. Qc3 Rg6 41. Rxg6 Nxg6 42. Ra1 a4 43. b4 Rc8 44. b5 Bxb5 45. Rb1 1-0

[Event "Szombathely op-B"]
[Site "Szombathely"]
[Date "2010.07.28"]
[Round "2"]
[White "Hajos, Roland"]
[Black "Biro, Istvan"]
[Result "1-0"]
[WhiteElo "1750"]
[BlackElo "1523"]
[PlyCount "89"]
[EventDate "2010.07.28"]
[EventType "swiss"]
[EventRounds "9"]
[EventCountry "HUN"]
[SourceTitle "EXT 2012"]
[Source "ChessBase"]
[SourceDate "2011.11.24"]
[SourceVersion "1"]
[SourceVersionDate "2011.11.24"]
[SourceQuality "1"]

1. e4 e5 2. Nf3 Nc6 3. Bb5 a6 4. Ba4 d6 5. Bxc6+ bxc6 6. 0-0 Nf6 7. Re1 Be7 8. h3 0-0 9. c3 Nd7 10. d4 Re8 11. Nbd2 Bf6 12. Nb3 Nf8 13. dxe5 Bxe5 14. Na5 Bd7 15. Nd4 Bxd4 16. cxd4 Rb8 17. Qc2 Rb6 18. Be3 d5 19. e5 Re6 20. f4 Rg6 21. f5 Rg3 22. Bf4 Qh4 23. Qf2 Rxh3 24. gxh3 Qxf2+ 25. Kxf2 Bxf5 26. Nb3 Ne6 27. Bd2 Bxh3 28. Ba5 Rb7 29. Rac1 Nf4 30. Rc3 Bd7 31. Kf3 Ne6 32. Ke3 g6 33. Rf1 Be8 34. a3 Ng5 35. Nc5 Rxb2 36. Nxa6 Ne4 37. Rd3 c5 38. Nxc7 c4 39. Nxe8 cxd3 40. Nf6+ Nxf6 41. exf6 Rb3 42. Bb4 d2+ 43. Kxd2 h5 44. Re1 g5 45. Re5 1-0

[Event "HUN-ch U14"]
[Site "Budapest"]
[Date "2010.07.03"]
[Round "8"]
[White "Csati, Oliver"]
[Black "Hajos, Roland"]
[Result "0-1"]
[WhiteElo "1620"]
[BlackElo "1750"]
[PlyCount "90"]
[EventDate "2010.06.26"]
[EventType "swiss"]
[EventRounds "9"]
[EventCountry "HUN"]
[SourceTitle "CBM 137 Extra"]
[Source "ChessBase"]
[SourceDate "2010.09.01"]
[SourceVersion "1"]
[SourceVersionDate "2010.09.01"]
[SourceQuality "1"]

1. e4 c5 2. Nf3 Nc6 3. d4 cxd4 4. Nxd4 Nf6 5. Nc3 g6 6. f3 Bg7 7. Be3 0-0 8. Bc4 Na5 9. Be2 Nc6 10. Qd2 d5 11. Nxc6 bxc6 12. Rd1 Bb7 13. e5 Nd7 14. f4 e6 15. 0-0 c5 16. Nb5 d4 17. Bf2 Bd5 18. c3 dxc3 19. Qxc3 Qb6 20. b4 Qc6 21. Bxc5 Nxc5 22. Qxc5 Bxg2 23. Qxc6 Bxc6 24. Nd6 Rab8 25. b5 Bd5 26. a4 Rfd8 27. Bc4 Rxd6 28. exd6 Bxc4 29. d7 Rd8 30. Rfe1 Kf8 31. Rc1 Bd4+ 32. Kg2 Bd5+ 33. Kg3 Rxd7 34. Rc8+ Kg7 35. Rec1 Bb6 36. R1c3 Ba5 37. Rd3 Be1+ 38. Kg4 h5+ 39. Kh3 Bg2+ 40. Kxg2 Rxd3 41. Rc7 Rd2+ 42. Kf3 Bf2 43. a5 Bg1 44. h4 Rb2 45. Rb7 Ra2 0-1

[Event "HUN-ch U14"]
[Site "Budapest"]
[Date "2010.07.01"]
[Round "6"]
[White "Csire, Bence"]
[Black "Hajos, Roland"]
[Result "1-0"]
[WhiteElo "1805"]
[BlackElo "1750"]
[PlyCount "53"]
[EventDate "2010.06.26"]
[EventType "swiss"]
[EventRounds "9"]
[EventCountry "HUN"]
[SourceTitle "CBM 137 Extra"]
[Source "ChessBase"]
[SourceDate "2010.09.01"]
[SourceVersion "1"]
[SourceVersionDate "2010.09.01"]
[SourceQuality "1"]

1. e4 c5 2. Nf3 e6 3. d4 cxd4 4. Nxd4 a6 5. Nc3 Qc7 6. Be2 Bb4 7. 0-0 Nf6 8. Qd3 b5 9. Bf3 Bxc3 10. bxc3 Bb7 11. e5 Nd5 12. Re1 d6 13. exd6 Qxd6 14. Nf5 Qd7 15. Nxg7+ Kd8 16. Bg5+ Kc8 17. Nh5 Rg8 18. Bh4 Qc7 19. Bg3 Qb6 20. Qxh7 Rf8 21. Rad1 Nd7 22. Qd3 f5 23. Nf4 Nc5 24. Qd4 Nxf4 25. Qxf4 Bxf3 26. Qxf3 Nb7 27. Rd6 1-0